Library of the University of Algiers 3
Ibrahim Sultan Cheibout
شعار جامعة الجزائر 3
مكتبة جامعة الجزائر 3
إبراهيم سلطان شيبوط

مدخل إلى إدارة الاعمال الدولية / (رقم التسجيلة. 42915)

تفاصيل مارك
000 -LEADER
fixed length control field 01248nam a2200229Ia 4500
003 - CONTROL NUMBER IDENTIFIER
control field Ost
005 - DATE AND TIME OF LATEST TRANSACTION
control field 20260507075111.0
008 - FIXED-LENGTH DATA ELEMENTS--GENERAL INFORMATION
fixed length control field 260507s9999||||xx |||||||||||||| ||und||
020 ## - INTERNATIONAL STANDARD BOOK NUMBER
International Standard Book Number 9960243869
040 ## - CATALOGING SOURCE
Transcribing agency fsecg
041 ## - LANGUAGE CODE
Language code of text/sound track or separate title ara
082 ## - DEWEY DECIMAL CLASSIFICATION NUMBER
Classification number 658
100 ## - MAIN ENTRY--PERSONAL NAME
Personal name أحمد ، أحمد عبد الرحمن
Relator term مؤلف
245 #0 - TITLE STATEMENT
Title مدخل إلى إدارة الاعمال الدولية /
Statement of responsibility, etc. أحمد عبد الرحمن أحمد
250 ## - EDITION STATEMENT
Edition statement طبعة 2
260 ## - PUBLICATION, DISTRIBUTION, ETC.
Place of publication, distribution, etc. الرياض:
Name of publisher, distributor, etc. دار المريخ للنشر,
Date of publication, distribution, etc. 2001
300 ## - PHYSICAL DESCRIPTION
Extent 462 صفحة؛
Other physical details إيضاحات ؛
Dimensions 24 سم
504 ## - BIBLIOGRAPHY, ETC. NOTE
Bibliography, etc. note مراجع ص.437
520 ## - SUMMARY, ETC.
Summary, etc. خلفيات اقتصادية -إدارة الأعمال الدولية-نظرية التجارة الخارجية-نظريات الاستثمارالخارجي-ميزان المدفوعات-الاستثمار الأجنبي-بيئة إدارة الأعمال الدولية-تنظيم ووظائف الأعمال الدولية-التخطيط الاستراتيجي الدولي-التسويق الدولي-الادارة المالية-ادارة الموارد البشرية- التصدير و الانتاج و ايجاد المصادر.
653 ## - INDEX TERM--UNCONTROLLED
Uncontrolled term إدارة الأعمال
942 ## - ADDED ENTRY ELEMENTS (KOHA)
Koha item type كتب
المقتنيات
Withdrawn status Lost status Source of classification or shelving scheme Damaged status Not for loan Home library Current library Date acquired Serial enumeration / chronology Inventory number Total checkouts Full call number Barcode Date last seen Price effective from Koha item type
    Dewey Decimal Classification   NOT LOAN / إعارة داخلية مكتبة كلية العلوم الإقتصادية والعلوم التجارية وعلوم التسيير مكتبة كلية العلوم الإقتصادية والعلوم التجارية وعلوم التسيير 07/05/2026 الطابق الأرضي 1517/1   أ/1517ن1 1517/1 07/05/2026 07/05/2026 كتب

موارد الويب المفتوحة


© University of Algiers 3 All Rights Reserved
|
Implemented by LECHELAH Riad